Statistics for Top 20 NFL WR duos

Click here to take the quiz!

General Stats

  • This quiz has been taken 107 times
  • The average score is 22 of 60

Answer Stats

HintAnswer% Correct
Julio Jones
75%
Marvin Jones Jr.
74%
A.J. Brown
68%
John Brown
68%
JuJu Smith-Schuster
63%
Stefon Diggs
61%
Calvin Ridley
58%
Tyreek Hill
58%
Mike Evans
57%
Adam Thielen
56%
DeAndre Hopkins
54%
Justin Jefferson
54%
Chris Godwin
51%
Devante Adams
51%
Amari Cooper
50%
Cooper Kupp
49%
Michael Thomas
46%
Odell Beckham Jr.
46%
D.K. Metcalf
43%
Robert Woods
42%
Larry Fitzgerald
40%
Michael Gallup
40%
Tyler Lockett
40%
Jarvis Landry
39%
Keenan Allen
39%
1Falcons
38%
Corey Davis
36%
A.J. Green
35%
Brandin Cooks
35%
Kenny Golladay
35%
Allen Lazard
33%
D.J. Moore
32%
Mike Williams
32%
12Titans
31%
6Bills
29%
13Packers
29%
15Bengals
28%
2Buccaneers
28%
4Cardinals
28%
7Cowboys
28%
16Lions
28%
Tyler Boyd
28%
8Rams
26%
3Seahawks
26%
Sammy Watkins
25%
Will Fuller V
25%
D.J. Chark
24%
Emmanuel Sanders
24%
Robbie Anderson
24%
19Steelers
24%
14Vikings
24%
11Chargers
22%
5Panthers
22%
17Browns
21%
James Washington
21%
10Saints
21%
18Texans
21%
20Jaguars
17%
9Cheifs
15%
Chris Conley
1%

Score Distribution

Percentile by Number Answered

Percent of People with Each Score

Your Score History

You have not taken this quiz